Del ideal en el arte (Record no. 128485)

MARC details
000 -LEADER
campo de control de longitud fija 00734nam a2200205 i 4500
001 - NÚMERO DE CONTROL
campo de control 128485
003 - IDENTIFICADOR DE NÚMERO DE CONTROL
campo de control ES-MaACL
005 - FECHA Y HORA DE LA ÚLTIMA TRANSACCIÓN
campo de control 20251015063129.0
007 - CAMPO FIJO DE DESCRIPCIÓN FÍSICA--INFORMACIÓN GENERAL
campo de control de longitud fija t|
008 - DATOS DE LONGITUD FIJA--INFORMACIÓN GENERAL
campo de control de longitud fija 070514n19401949sp ||||1| spa d
100 1# - ENTRADA PRINCIPAL--NOMBRE DE PERSONA
Nombre de persona Taine, Hippolyte,
Fechas asociadas al nombre 1828-1893
9 (RLIN) 109085
245 10 - MENCIÓN DEL TÍTULO
Título Del ideal en el arte
Resto del título : (estudios de estética) /
Mención de responsabilidad, etc. Hipólito Taine ; versión castellana de R. Cansinos-Assens. Obra inédita en castellano.
260 ## - PUBLICACIÓN, DISTRIBUCIÓN, ETC.
Lugar de publicación, distribución, etc. Madrid :
Nombre del editor, distribuidor, etc. América,
Fecha de publicación, distribución, etc. [194-?]
300 ## - DESCRIPCIÓN FÍSICA
Extensión 188 p. ;
Dimensiones 17 cm.
490 1# - MENCIÓN DE SERIE
Mención de serie Biblioteca de autores célebres
700 1# - ENTRADA AGREGADA--NOMBRE PERSONAL
Nombre de persona Cansinos Asséns, Rafael,
Fechas asociadas al nombre 1882-1964
9 (RLIN) 34616
830 0# - PUNTO DE ACCESO ADICIONAL DE SERIE-TÍTULO UNIFORME
Título uniforme Biblioteca de autores célebres
9 (RLIN) 184044
852 ## - LOCALIZACIÓN
Ubicación ES-MaACL
Número de control de estantería C-4440
Sublocalización o colección R.24194
Holdings
Estatus retirado Estado de pérdida Estado de daño No para préstamo Biblioteca de origen Biblioteca actual Ubicación en estantería Fecha de adquisición Fuente de adquisición Total de préstamos Signatura topográfica completa Código de barras Visto por última vez Precio de reemplazo Tipo de ítem Koha
        Biblioteca del Ateneo de Madrid Biblioteca del Ateneo de Madrid Sala Palomar 17/01/2008     C-4440 1133814 23/02/2023 23/02/2023 Libro impreso